<?xml version="1.0" encoding="UTF-8"?>
<record
    xmlns:xsi="http://www.w3.org/2001/XMLSchema-instance"
    xsi:schemaLocation="http://www.loc.gov/MARC21/slim http://www.loc.gov/standards/marcxml/schema/MARC21slim.xsd"
    xmlns="http://www.loc.gov/MARC21/slim">

  <leader>01350cam a2200301 a 4500</leader>
  <controlfield tag="003">BD-RjUL</controlfield>
  <controlfield tag="005">20221027084803.0</controlfield>
  <controlfield tag="008">221027s1966    le fh    b    000 0carard</controlfield>
  <datafield tag="020" ind1=" " ind2=" ">
    <subfield code="c">&#xA3;1.65</subfield>
  </datafield>
  <datafield tag="040" ind1=" " ind2=" ">
    <subfield code="c">NN</subfield>
    <subfield code="d">NN</subfield>
    <subfield code="d">MiU</subfield>
    <subfield code="d">CU-SB</subfield>
    <subfield code="d">NNU</subfield>
    <subfield code="d">UkOxU</subfield>
    <subfield code="a">BD-RjUL</subfield>
    <subfield code="b">eng</subfield>
  </datafield>
  <datafield tag="041" ind1=" " ind2=" ">
    <subfield code="a">ara</subfield>
  </datafield>
  <datafield tag="082" ind1=" " ind2=" ">
    <subfield code="2">23</subfield>
    <subfield code="a">305.69709460903</subfield>
    <subfield code="b">AHK 1966</subfield>
  </datafield>
  <datafield tag="100" ind1=" " ind2=" ">
    <subfield code="a">Ahmed bin Zubair,  bin Jaafar  # # &#x627;&#x62D;&#x645;&#x62F; &#x628;&#x646; &#x627;&#x644;&#x632;&#x628;&#x64A;&#x631;,  &#x627;&#x628;&#x646; &#x62C;&#x639;&#x641;&#x631;</subfield>
    <subfield code="9">5512</subfield>
  </datafield>
  <datafield tag="245" ind1="1" ind2="0">
    <subfield code="a">&#x643;&#x62A;&#x627;&#x628; &#x635;&#x644;&#x629; &#x627;&#x644;&#x635;&#x644;&#x629;  # # Kitab sillah assillah /</subfield>
    <subfield code="c">Abi Jaafar Ahmed bin Zubair   # # &#x627;&#x628;&#x64A; &#x62C;&#x639;&#x641;&#x631; &#x627;&#x62D;&#x645;&#x62F; &#x628;&#x646; &#x627;&#x644;&#x632;&#x628;&#x64A;&#x631;</subfield>
  </datafield>
  <datafield tag="246" ind1="1" ind2="4">
    <subfield code="a">Kitab sillah assillah /</subfield>
  </datafield>
  <datafield tag="260" ind1=" " ind2=" ">
    <subfield code="a">[Lebanon] :</subfield>
    <subfield code="b">Maktabat al Khiat,</subfield>
    <subfield code="c">1966.</subfield>
  </datafield>
  <datafield tag="300" ind1=" " ind2=" ">
    <subfield code="a">285 p. ;</subfield>
    <subfield code="c">23 cm</subfield>
  </datafield>
  <datafield tag="504" ind1=" " ind2=" ">
    <subfield code="a">Includes bibliographical references.</subfield>
  </datafield>
  <datafield tag="650" ind1=" " ind2="0">
    <subfield code="a">Muslims</subfield>
    <subfield code="z">Spain</subfield>
    <subfield code="v">Biography</subfield>
    <subfield code="v">Early works to 1800.</subfield>
    <subfield code="9">5513</subfield>
  </datafield>
  <datafield tag="650" ind1=" " ind2="0">
    <subfield code="a">Arabs</subfield>
    <subfield code="z">Spain</subfield>
    <subfield code="v">Biography</subfield>
    <subfield code="v">Early works to 1800.</subfield>
    <subfield code="9">5514</subfield>
  </datafield>
  <datafield tag="830" ind1=" " ind2="0">
    <subfield code="a">Maktabah al-Andalus&#x12B;yah ;</subfield>
    <subfield code="v">4-5</subfield>
    <subfield code="9">5515</subfield>
  </datafield>
  <datafield tag="880" ind1="1" ind2="0">
    <subfield code="6">245-03/(3/r</subfield>
    <subfield code="a">&#x643;&#x62A;&#x627;&#x628; &#x635;&#x644;&#x629; &#x627;&#x644;&#x635;&#x644;&#x629; /</subfield>
    <subfield code="c">&#x62A;&#x623;&#x644;&#x64A;&#x641; &#x627;&#x628;&#x646; &#x628;&#x634;&#x643;&#x648;&#x627;&#x644; &#x623;&#x628;&#x64A; &#x627;&#x644;&#x642;&#x627;&#x633;&#x645; &#x62E;&#x644;&#x641; &#x628;&#x646; &#x639;&#x628;&#x62F; &#x627;&#x644;&#x645;&#x644;&#x643;.</subfield>
  </datafield>
  <datafield tag="880" ind1=" " ind2=" ">
    <subfield code="6">260-04/(3/r</subfield>
    <subfield code="a">[Cairo] :</subfield>
    <subfield code="b">&#x627;&#x644;&#x62F;&#x627;&#x631; &#x627;&#x644;&#x645;&#x635;&#x631;&#x64A;&#x629; &#x644;&#x644;&#x62A;&#x623;&#x644;&#x64A;&#x641; &#x648;&#x627;&#x644;&#x62A;&#x631;&#x62C;&#x645;&#x629;&#x60C;</subfield>
    <subfield code="c">&#x666;&#x666;&#x669;&#x661;.</subfield>
  </datafield>
  <datafield tag="880" ind1="0" ind2=" ">
    <subfield code="6">490-05/(3/r</subfield>
    <subfield code="a">&#x62A;&#x631;&#x627;&#x62B;&#x646;&#x627;</subfield>
  </datafield>
  <datafield tag="880" ind1=" " ind2="0">
    <subfield code="6">440-06/(3/r</subfield>
    <subfield code="a">&#x645;&#x643;&#x62A;&#x628;&#x629; &#x627;&#x644;&#x623;&#x646;&#x62F;&#x644;&#x633;&#x64A;&#x629; &#x61B;</subfield>
    <subfield code="v">&#x665;-&#x664;</subfield>
  </datafield>
  <datafield tag="942" ind1=" " ind2=" ">
    <subfield code="2">ddc</subfield>
    <subfield code="c">BK</subfield>
  </datafield>
  <datafield tag="999" ind1=" " ind2=" ">
    <subfield code="c">80634</subfield>
    <subfield code="d">80634</subfield>
  </datafield>
  <datafield tag="952" ind1=" " ind2=" ">
    <subfield code="0">0</subfield>
    <subfield code="1">0</subfield>
    <subfield code="2">ddc</subfield>
    <subfield code="4">0</subfield>
    <subfield code="7">1</subfield>
    <subfield code="8">NFIC</subfield>
    <subfield code="a">RUCL</subfield>
    <subfield code="b">RUCL</subfield>
    <subfield code="c">Reading</subfield>
    <subfield code="d">1968-08-22</subfield>
    <subfield code="e">Daka book centre</subfield>
    <subfield code="g">38.50</subfield>
    <subfield code="l">0</subfield>
    <subfield code="o">A 305.69709460903 AHK 1966</subfield>
    <subfield code="r">2022-10-27 00:00:00</subfield>
    <subfield code="t">C-1</subfield>
    <subfield code="w">2022-10-27</subfield>
    <subfield code="y">BK</subfield>
  </datafield>
</record>
